000 00460nam a2200169Ia 4500
999 _c349
_d349
003 OSt
005 20210916101908.0
008 190216s9999||||xx |||||||||||||| ||und||
040 _coclc
082 _a297
_bALN/Q
100 _a Al Namjar, Abdul Wahab
_98849
245 0 _aQasas Al Ambiyah /
_cAbdul Wahab Al Namjar
260 _bDarul Maariy,
_aBeirut:
300 _a468p
650 _aArabic
942 _cBK
_2ddc
_h297
_iALN/Q
_k297
_mALN/Q